000 01269nam a2200301Ma 4500
001 goinghomestee00stee
003 CaSfIA
005 20210118090240.0
007 cr||||
008 000505t19911973nyu d 000 1 eng d
040 _aTnLvILS
_cGSC
_dCaSfIA
020 _a9780671749415 (pbk.)
020 _a0671749412 (pbk.)
035 _a(OCoLC)466140805
050 4 _aPS3569.T33828
_bG6 1991
082 0 4 _a813/.54
_221
100 1 _aSteel, Danielle.
245 1 0 _aGoing home /
_h[electronic resource]
_cDanielle Steel.
260 _aNew York :
_bPocket Books,
_c[1991], c1973.
300 _a385 p. ;
_c18 cm.
500 _a"Her unforgettable first novel"--Cover.
655 7 _aLove stories.
_2gsafd
856 4 1 _uhttp://www.archive.org/details/goinghomestee00stee
_zFree eBook from the Internet Archive
856 4 2 _uhttp://www.openlibrary.org/books/OL24208384M
_zAdditional information and access via Open Library
942 _cEB
506 _fНеобхідна авторизація на https://archive.org/ (створення облікового запису безкоштовно)
506 _fНеобхідна авторизація на https://openlibrary.org/ (створення облікового запису безкоштовно)
999 _c501852
_d501852